| 000 | 01414nam a2200373 a 4500 | ||
|---|---|---|---|
| 001 | vtls001867998 | ||
| 003 | NLI | ||
| 005 | 20210629080740.0 | ||
| 008 | 150408s2011 ii ba e 001 0 eng d | ||
| 020 |
_a9789350021231(pbk.) _cRs.150.00 |
||
| 039 | 9 |
_a201506191116 _bsyamalkb _c201506191111 _dsyamalkb _c201504081747 _dprasenjits _c201504081745 _dprasenjits _y201504081744 _zprasenjits |
|
| 040 |
_aNLI _beng |
||
| 041 | 0 | _aeng | |
| 044 | _aii | ||
| 082 | 0 | 4 |
_a330.95475 _222 |
| 100 | 1 |
_aPatel, Shivani A. _91113453 |
|
| 245 | 1 | 0 |
_aGujarat / _cShivani A. Patel |
| 260 |
_aDelhi : _bAakar Books in association with Other Media, _c2011 |
||
| 300 |
_a126 p. : _bill. (some col.), maps ; _c22 cm. |
||
| 440 | 0 |
_aStatus of adivasis/indigenous peoples land series ; _v1 _91226224 |
|
| 504 | _aReferences : p.123-126 | ||
| 650 | 0 |
_aLand tenure _xLaw and legislation _zGujarat _91228093 |
|
| 650 | 0 |
_aLand use _zGujarat _91228094 |
|
| 651 | 0 |
_aGujarat (India) _xScheduled tribes _xEconomic conditions _91228095 |
|
| 887 | _aprasenjit syamal Kanti Biswas | ||
| 901 |
_aDB139570 : _b17.4.2013 |
||
| 902 | _aE 330.95475 P 272 | ||
| 904 | _aprasenjit | ||
| 905 | _asyamal Kanti Biswas | ||
| 949 |
_AVIRTUAITEM _D10000 _X100 _6DBA000139570ENG |
||
| 942 |
_2ddc _cBKS |
||
| 999 |
_aVIRTUA _c1302139 _d1302139 |
||
| 999 | _aVTLSSORT0080*0200*0400*0410*0440*0820*1000*2450*2600*3000*4400*5040*6500*6501*6510*8520*9010*9020*9040*9050*9992 | ||